Las germanías de Valencia (Record no. 170744)

MARC details
000 -LEADER
campo de control de longitud fija 00925nam a2200217 i 4500
001 - NÚMERO DE CONTROL
campo de control 170744
003 - IDENTIFICADOR DE NÚMERO DE CONTROL
campo de control ES-MaACL
005 - FECHA Y HORA DE LA ÚLTIMA TRANSACCIÓN
campo de control 20230906214440.0
008 - DATOS DE LONGITUD FIJA--INFORMACIÓN GENERAL
campo de control de longitud fija 090402s1884 sp f |||| | spa d
080 ## - NÚMERO DE LA CLASIFICACIÓN DECIMAL UNIVERSAL
Número de la Clasificación Decimal Universal 94(460)
100 1# - ENTRADA PRINCIPAL--NOMBRE DE PERSONA
Nombre de persona Danvila y Collado, Manuel.
9 (RLIN) 42676
245 10 - MENCIÓN DEL TÍTULO
Título Las germanías de Valencia
Resto del título : discurso leído el 9 de noviembre de 1884 en la Real Academia de la Historia /
Mención de responsabilidad, etc. Manuel Danvila y Collado.
260 ## - PUBLICACIÓN, DISTRIBUCIÓN, ETC.
Lugar de publicación, distribución, etc. Madrid :
Nombre del editor, distribuidor, etc. [s.n.],
Fecha de publicación, distribución, etc. 1884 (
Fabricante Tip. de Manuel Ginés Hernández)
300 ## - DESCRIPCIÓN FÍSICA
Extensión 524 p., 1 h. de lám. ;
Dimensiones 27 cm.
501 ## - NOTA DE CON
Nota de "Con" Contiene además: Contestación / Cesáreo Fernández Duro (p. 501-524)
504 ## - NOTA DE BIBLIOGRAFÍA, ETC.
Nota de bibliografía, etc. Referencias bibliográficas.
546 ## - NOTA DE IDIOMA
Nota de lengua/lenguaje Incluye textos en valenciano y en latín.
651 ## - PUNTO DE ACCESO ADICIONAL DE MATERIA--NOMBRE GEOGRÁFICO
Nombre geográfico Comunidad Valenciana-
Subdivisión general Historia-
Subdivisión cronológica 1519-1523, Germanías.
9 (RLIN) 163469
710 2# - ENTRADA AGREGADA--NOMBRE DE ENTIDAD CORPORATIVA
Nombre de entidad corporativa o nombre de jurisdicción como elemento de entrada Real Academia de la Historia (España)
9 (RLIN) 6309
852 ## - LOCALIZACIÓN
Ubicación ES-MaACL
Número de control de estantería K-123
Nota libre - Enc. pasta española
Holdings
Estatus retirado Estado de pérdida Estado de daño No para préstamo Colección Biblioteca de origen Biblioteca actual Ubicación en estantería Fecha de adquisición Total de préstamos Signatura topográfica completa Código de barras Visto por última vez Precio de reemplazo Tipo de ítem Koha
        Libros del s. XIX Biblioteca del Ateneo de Madrid Biblioteca del Ateneo de Madrid Administración 02/04/2009   K-123 1179191 23/02/2023 23/02/2023 Libro impreso antiguo